[Event "IND-ch U15 Girls 30th"]
[Site "Kolkata"]
[Date "2013.08.06"]
[Round "1"]
[White "Mahalakshmi, Muganda Kumar"]
[Black "Shradha, Kucheria"]
[Result "1-0"]
[WhiteElo "2080"]
[BlackElo "1403"]
[PlyCount "55"]
[EventDate "2013.08.06"]
[EventType "swiss"]
[EventRounds "11"]
[EventCountry "IND"]
[SourceTitle "CBM 155 Extra"]
[Source "ChessBase"]
[SourceDate "2013.08.26"]
[SourceVersion "1"]
[SourceVersionDate "2013.08.26"]
[SourceQuality "1"]

1. d4 d5 2. c4 e6 3. Nc3 Nf6 4. cxd5 exd5 5. Bg5 Be7 6. e3 h6 7. Bh4 a6 8. Qc2 Nc6 9. a3 Be6 10. Bd3 Qd7 11. Nf3 Rb8 12. 0-0 Bg4 13. Ne5 Nxe5 14. dxe5 Ng8 15. Bg3 Bd8 16. e4 d4 17. Nd5 Ne7 18. Qc5 Nxd5 19. exd5 Bf5 20. e6 fxe6 21. dxe6 Bxe6 22. Bg6+ Bf7 23. Rfe1+ Be7 24. Bh4 0-0 25. Rxe7 Qg4 26. Bxf7+ Rxf7 27. Rxf7 Kxf7 28. Qxc7+ 1-0